Un caso acabado

Salvato in:
Dettagli Bibliografici
Autore principale: Greene, Graham (Autore)
Natura: Libro
Lingua:spagnolo
Pubblicazione: Buenos Aires Sur 1961
Edizione:1a. ed
Soggetti:
Tags: Aggiungi Tag
Nessun Tag, puoi essere il primo ad aggiungerne!!

MARC

LEADER 00000cam a2200000 a 4500
001 UCZ2880
003 CL-VaPUC
008 951013e19610000AG |||||||||||||||||spa|d
082 0 4 |a 823  |b GRE  |2 21 
100 0 |a Greene, Graham  |e author  |9 309259 
245 1 3 |a Un caso acabado 
250 |a 1a. ed 
300 |a 253 p 
942 |c BK 
945 |d 19951013 00:00:00  |a awong 
260 |a Buenos Aires  |b Sur  |c 1961 
650 0 |a Novelas inglesas  |9 265220 
583 |a last modification  |c 20130821 07:48:01  |k Rodrigo Vera 
999 |c 239424  |d 239422 
952 |0 0  |1 0  |4 0  |6 823_000000000000000_GRE_1961  |7 0  |8 A  |9 250533  |a BIBEDU  |b BIBEDU  |d 2019-11-18  |i 3137643  |o 823 GRE 1961  |p 3137643  |r 2019-11-18  |w 2019-11-18  |y BK  |k LIT 
952 |0 0  |1 0  |4 0  |6 823_000000000000000_GRE_1961  |7 0  |8 A  |9 250534  |a BIBEDU  |b BIBEDU  |d 2019-11-18  |i 1459708  |o 823 GRE 1961  |p 1459708  |r 2019-11-18  |w 2019-11-18  |y BK  |k LIT 
952 |0 0  |1 0  |3 erb  |4 0  |6 823_000000000000000_GRE_1961  |7 0  |8 A  |9 250535  |a BIBEDU  |b BIBEDU  |d 2019-11-18  |i 4997883  |o 823 GRE 1961  |p 4997883  |r 2019-11-18  |w 2019-11-18  |y BK  |z Catalogado en:20130829  |k LIT